Представление документа в формате RUSMARC

ПолеНазваниеЗначение
  Тип записи a
  Библиографический уровень m
001 Контрольный номер 6cecee37d16c45979852bbd9db4bbc80
005 Дата корректировки 20260618110422.6
010 Индекс ISBN __
a ISBN 5-85044-362-2
b Уточнения в пер.
d Цена 1978-19
100 Данные общей обработки __
a Данные общей обработки 20220527d2020 d y0rusy028902 ca
101 Язык документа 0_
a Язык текста rus
102 Страна публикации __
a Страна публикации RU
105 Кодированные данные (монография) __
a Кодированные данные (монография) y z 000ay
181 Поле кодированных данных: вид содержания _0
a Код вида содержания (ISBD) i
182 Поле кодированных данных: тип средства _0
a Код типа средства (ISBD) n
200 Заглавие и сведения об ответственности 1_
a Заглавие Звездные лапы
f Первые сведения об ответственности Дженни Дейл
203 Вид содержания и тип средства __
a Вид содержания Текст
c Тип средства непосредственный
210 Выходные данные 1_
a Место издания Москва
c Издательство Чинар
d Дата издания 2020
215 Физическое описание __
a Объем 158 с.
d Формат 21 см
225 Серия 2_
a Серия Круг чтения
e Сведения, относящиеся к заглавию серии издание для слабовидящих
330 Аннотация __
a Аннотация Неподалеку от родного города Нила, в старинном замке, снимается телевизионный фильм. Успешно пройдя конкурсный отбор, Нил получает возможность поучаствовать в съемках настоящего фильма, а заодно и научить хорошим манерам сумасбродную телезвезду - золотистого коккер-спаниеля Принца.
333 Примечание о целевом назначении __
a Примечание о целевом назначении 12+. Для детей старше 12 лет
606 Тематические рубрики __
2 Код системы nlr_sh
a Основная рубрика Художественная литература
606 Тематические рубрики __
2 Код системы nlr_sh
a Основная рубрика Литература Европы (произведения)
y Географическая подрубрика Великобритания
610 Ключевые слова 0_
a Ключевые слова зарубежная литература
610 Ключевые слова 0_
a Ключевые слова иностранная литература
610 Ключевые слова 0_
a Ключевые слова детская литература
610 Ключевые слова 0_
a Ключевые слова современная литература
610 Ключевые слова 0_
a Ключевые слова английская литература
610 Ключевые слова 0_
a Ключевые слова повести
610 Ключевые слова 0_
a Ключевые слова тема собак
610 Ключевые слова 0_
a Ключевые слова детские повести
610 Ключевые слова 0_
a Ключевые слова чтение для слабовидящих
610 Ключевые слова 0_
a Ключевые слова книги для незрячих
686 Индексы других классификаций __
2 Код системы rubbks
a Классификационный индекс ст84(4Вел)-4я0
700 Автор _1
a Фамилия Дейл
b Имя Д.
f Даты 1969-
g Полное личное имя Дженни
4 Код отношения 070
c Титул (звания) Чэпмен, Линда
790 Имя лица - альтернативная форма _1
a Имя лица - альтернативная форма Чэпмен
c Титул (звания) Дейл, Дженни
f Даты 1969-
b Имя Л.
g Полное личное имя Линда
801 Источник записи _0
a Страна RU
b Организация Муниципальное бюджетное учреждение культуры "Централизованная библиотечная система" г. Сургут (Центральная городская библиотека им. А. С. Пушкина)
c Дата составления 20220527
g Правила каталогизации PSBO
801 Источник записи _1
a Страна RU
b Организация Муниципальное бюджетное учреждение культуры "Централизованная библиотечная система" г. Сургут (Центральная городская библиотека им. А. С. Пушкина)
c Дата составления 20220527
g Правила каталогизации PSBO
852 Данные о местонахождении __
i Авторский знак Д 27
j Шифр хранения ст84(4Вел)-4я0
900 Макрообъекты __
a Макрообъекты Звездные лапы (для слабовидящих). Дж. Дейл, 2020
901 Тип документа __
a Ответственный ООФиК/Волкова
t Тип документа m
903 Характеристики (МАРС) __
a Дата передачи 20220527
c Наименование библиотеки (МАРС) Муниципальное бюджетное учреждение культуры "Централизованная библиотечная система" г. Сургут (Центральная городская библиотека им. А. С. Пушкина)
969 Тип издания __
a Тип издания спецформат
a Тип издания издание для слепых
a Тип издания издание для детей
a Тип издания крупношрифтовое издание
990 Данные о заказе (DOS) __
j Количество экземпляров (DOS) 1
t N записи в КСУ для И/У (DOS) 202206